01616nam a22002177a 45000010005000000030006000050050017000110080041000280400030000690500017000990820012001161000027001282450031001552600050001863000025002365050007002615201065002685210028013335210019013617000018013803897FISKH20240524153637.0240522b cb ||||| |||| 00| 0 eng d aFISK beng cFISK dFISK  aPS3552.R718  a813.54  aBrown Sandra d1948-  aDeadline / cSandra Brown  aGreat Britain : bHodder & Stoughton ,c2013  a410 pages : c19 cm  aM  aAlready coping with battle fatigue following his return from Afghanistan, journalist Dawson Scott receives a tip he cannot ignore about a potentially huge story involving the son of terrorists at-large for forty years. Dawson Scott is a well-respected journalist recently returned from Afghanistan. Haunted by everything he experienced, he's privately suffering from battle fatigue which is a threat to every aspect of his life. But then he gets a call from a source within the FBI. A new development has come to light in a story that began 40 years ago. It could be the BIG story of Dawson's career one in which he has a vested interest. Soon, Dawson is covering the disappearance and presumed murder of former Marine Jeremy Wesson, the biological son of the pair of terrorists who remain on the FBI's Most Wanted list. As Dawson delves into the story, he finds himself developing feelings for Wesson's ex-wife, Amelia, and her two young sons. But when Amelia's nanny turns up dead, the case takes a stunning new turn, with Dawson himself becoming a suspect. 8 a810 bLexile estimate 8 aM bRaz-Plus  aSandra Brown